000 00458nam a2200181Ia 4500
001 13078
005 20260306163027.0
008 260306t2010||||xx |||||||||||||| ||spa||
041 _aESP
082 _aRD 808.882
_bH46
100 _aHerrero Llorente, Víctor-José
_eAUT
245 0 _aDiccionario de expresiones y frases latinas
260 _c2010
300 _a1068 páginas :
_c25 cm.
650 _aGEN
654 _aCHU
942 _cDIC
_dJUS
_fJUS
_2ddc
_n
999 _c13078
_d13078